书目信息 |
| 题名: |
文字设计
|
|
| 作者: | 周小儒 , 张瑜 编著 | |
| 分册: | ||
| 出版信息: | 北京 化学工业出版社工业装备与信息工程出版中心 2003.11 |
|
| 页数: | 41页 | |
| 开本: | 29cm | |
| 丛书名: | 平面设计丛书 | |
| 单 册: | ||
| 中图分类: | J292.13 | |
| 科图分类: | ||
| 主题词: | 美术字--mei shu zi--字体--设计 , 字体--zi ti , 美术字--mei shu zi | |
| 电子资源: | ||
| ISBN: | 7-5025-4528-X | |
| 000 | 01091nam 2200325 450 | |
| 001 | CAL 012006062897 | |
| 005 | 20061031110020.37 | |
| 010 | @a7-5025-4528-X@dCNY15.00 | |
| 099 | @aCAL 012006062897 | |
| 100 | @a20060918d2003 em y0chiy0120 ea | |
| 101 | 0 | @achi |
| 102 | @aCN@b110000 | |
| 105 | @aa a 000yy | |
| 200 | 1 | @a文字设计@Awen zi she ji@f周小儒, 张瑜编著 |
| 210 | @a北京@c化学工业出版社工业装备与信息工程出版中心@d2003.11 | |
| 215 | @a41页@c图@d29cm | |
| 225 | 2 | @a平面设计丛书@Aping mian she ji cong shu |
| 320 | @a有书目 (第41页) | |
| 330 | @a本书介绍文字的结构、变形、组合、创意、编排以及文字设计在标志设计、名片设计、装帧设计、广告设计中的应用。 | |
| 333 | @a读者对象: 平面设计人员及各类院校工业设计、平面设计专业师生 | |
| 410 | 0 | @12001 @a平面设计丛书 |
| 510 | 1 | @aLettering design@zeng |
| 606 | 0 | @a美术字@Amei shu zi@x字体@x设计 |
| 606 | 0 | @a字体@Azi ti |
| 606 | 0 | @a美术字@Amei shu zi |
| 690 | @aJ292.13@v4 | |
| 701 | 0 | @a周小儒@Azhou xiao ru@4编著 |
| 701 | 0 | @a张瑜@Azhang yu@4编著 |
| 801 | 0 | @aCN@c20061031 |
| 905 | @apdsgxy@dJ292.13@eZ807 | |
| 文字设计/周小儒, 张瑜编著.-北京:化学工业出版社工业装备与信息工程出版中心,2003.11 |
| 41页:图;29cm.-(平面设计丛书) |
| 使用对象:读者对象: 平面设计人员及各类院校工业设计、平面设计专业师生 |
| ISBN 7-5025-4528-X:CNY15.00 |
| 本书介绍文字的结构、变形、组合、创意、编排以及文字设计在标志设计、名片设计、装帧设计、广告设计中的应用。 |
| ● |
| 相关链接 |
|
|
|
正题名:文字设计
索取号:J292.13/Z807
 
预约/预借
| 序号 | 登录号 | 条形码 | 馆藏地/架位号 | 状态 | 备注 |
| 1 | 635139 | 206351393 | 社科库309/309社科库 80排2列4层/ [索取号:J292.13/Z807] | 在馆 | |
| 2 | 635140 | 206351400 | 社科库309/309社科库 80排2列4层/ [索取号:J292.13/Z807] | 在馆 | |
| 3 | 635141 | 206351419 | 社科库309/309社科库 80排2列4层/ [索取号:J292.13/Z807] | 在馆 |